000
00306nam a22001337a 4500
008
170721b xxu||||| |||| 00| 0 eng d
020
_a
9780321193858
041
_a
eng
080
_2
2ND
_a
004
100
_a
28
101
_a
SHKI
245
_a
THE NON-DESIGNERS DESIGN BOOK
_c
WILLIAMS, R
942
_2
udc
_c
BK
999
_c
21753
_d
21753